Statistics for Countries of Oceania - One Minute Sprint

Click here to take the quiz!

General Stats

  • This quiz has been taken 91 times
  • The average score is 13 of 14

Answer Stats

Country% Correct
Australia
100%
New Zealand
98%
Fiji
97%
Kiribati
97%
Samoa
97%
Nauru
95%
Palau
95%
Solomon Islands
95%
Tonga
95%
Tuvalu
95%
Vanuatu
95%
Federated States of Micronesia
94%
Marshall Islands
94%
Papua New Guinea
92%

Score Distribution

Percentile by Number Answered

Percent of People with Each Score

Your Score History

You have not taken this quiz